000
00291nam a22001337a 4500
008
171124b xxu||||| |||| 00| 0 eng d
020
_a
9780521646857
041
_a
eng
080
_a
574
100
_a
9
101
_a
MJE
245
_a
FEEDING THE TEN BILLION
_c
EVANS,L.T
942
_2
udc
_c
BK
999
_c
38482
_d
38482